000 00473nam a2200205Ia 4500
003 OSt
005 20220928151312.0
006 a|||||r|||| 00| 0
007 ta
008 220927b |||||||| |||| 00| 0 eng d
024 _a123124
037 _cTextual
040 _aSDCL
_cSDCL
_beng
041 _2eng
_aeng
082 _aBp1,N67, K9
245 0 _aSeminaire Bourbaki
260 _c1969
942 _hBp1,N67, K9
_cTEXL
_2CC
999 _c850997
_d850997